| 000 | 00677nam a2200217Ia 4500 | ||
|---|---|---|---|
| 008 | 191130s2003##################000#0#eng## | ||
| 020 | _a9780520244870 | ||
| 040 |
_aACL _cACL |
||
| 082 | _a305.26 OVE | ||
| 100 | _aOverall, Christine | ||
| 245 |
_aAging, death, and human longevity : a philosophical inquiry _cChristine Overall |
||
| 260 |
_aBerkeley _bUniversity of California Press _cc2003 |
||
| 300 | _axi, 264 p. ; 24 cm | ||
| 500 | _aIncludes bibliographical references (p. 239-253) and index | ||
| 650 | _aAging | ||
| 650 | _aLongevity | ||
| 650 | _aTerminal Care | ||
| 990 | _a1062777bac10000c3f3dd0c2d6359755 | ||
| 991 | _a19211 | ||
| 999 |
_c364811 _d364811 |
||